000 00699nam a2200217 i 4500
001 88818
003 ES-MaACL
005 20250813014532.0
007 t|
008 050112s1977 fr ||||1| fre d
080 _a821.133.1-32"17"
100 1 _aDiderot, Denis,
_d1713-1784
_944511
245 1 0 _aContes et entretiens /
_cDiderot ; chronologie, introduction et archives de l'oeuvre par Lucette Perol.
260 _aParis :
_bGarnier-Flammarion,
_c[1977]
300 _a245 p. ;
_c18 cm.
490 1 _aTexte intégral ;
_v294
700 1 _aPerol, Lucette.
_991314
830 0 _aTexte intégral ;
_v294
_9184081
852 _aES-MaACL
_jE-10668
_bR.135117
999 _c88818
_d88818